Diagnostic des maladies simulées (Record no. 52419)

MARC details
000 -LEADER
campo de control de longitud fija 00777nam a2200205 i 4500
001 - NÚMERO DE CONTROL
campo de control 52419
003 - IDENTIFICADOR DE NÚMERO DE CONTROL
campo de control ES-MaACL
005 - FECHA Y HORA DE LA ÚLTIMA TRANSACCIÓN
campo de control 20250806013356.0
007 - CAMPO FIJO DE DESCRIPCIÓN FÍSICA--INFORMACIÓN GENERAL
campo de control de longitud fija t|
008 - DATOS DE LONGITUD FIJA--INFORMACIÓN GENERAL
campo de control de longitud fija 030829s1921 fr ||||1| fre d
100 1# - ENTRADA PRINCIPAL--NOMBRE DE PERSONA
Nombre de persona Chavigny, Paul (
Fechas asociadas al nombre 1869-1949)
9 (RLIN) 165410
245 10 - MENCIÓN DEL TÍTULO
Título Diagnostic des maladies simulées
Resto del título : (accidents du travail, conseils de révision et de reforme de l'armée et de la marine ...) /
Mención de responsabilidad, etc. par P. Chavigny ; préface de M. Pierret.
250 ## - MENCION DE EDICION
Mención de edición 3ème. ed.
260 ## - PUBLICACIÓN, DISTRIBUCIÓN, ETC.
Lugar de publicación, distribución, etc. Paris :
Nombre del editor, distribuidor, etc. J.-B. Baillère et fils,
Fecha de publicación, distribución, etc. 1921 (
Lugar de fabricación/manufactura Coulommiers :
Fabricante E. Dessait)
300 ## - DESCRIPCIÓN FÍSICA
Extensión XII, 543 p. ;
Dimensiones 21 cm.
650 07 - PUNTO DE ACCESO ADICIONAL DE MATERIA--TÉRMINO DE MATERIA
Término de materia o nombre geográfico como elemento de entrada Medicina del trabajo
Fuente del encabezamiento o término embne
9 (RLIN) 14922
700 1# - ENTRADA AGREGADA--NOMBRE PERSONAL
Nombre de persona Pierret, Antoine Auguste,
Fechas asociadas al nombre 1845-1920
9 (RLIN) 165411
852 ## - LOCALIZACIÓN
Ubicación ES-MaACL
Número de control de estantería B-11751
Holdings
Estatus retirado Estado de pérdida Estado de daño No para préstamo Biblioteca de origen Biblioteca actual Ubicación en estantería Fecha de adquisición Fuente de adquisición Total de préstamos Signatura topográfica completa Código de barras Visto por última vez Precio de reemplazo Tipo de ítem Koha
        Biblioteca del Ateneo de Madrid Biblioteca del Ateneo de Madrid Sala Pardo Bazán 17/01/2008     B-11751 1055101 23/02/2023 23/02/2023 Libro impreso